Fußballtrainer nach Stationen 2 - Statistiken

Allgemein
  • Dieses Quiz wurde 216 mal gespielt
  • Das Durchschnittsergebnis liegt bei 9 aus 20
Antwortstatistiken
aktive Profi-Jahre Mannschaften Trainer % Korrekt
2007- FC Augsburg II, 1.FSV Mainz 05, Borussia Dortmund, Paris Saint-Germain, FC Chelsea, FC Bayern München Thomas Tuchel
91%
2012- 1. FC Lokomotive Leipzig, FC Red Bull Salzburg, Borussia Mönchengladbach, Borussia Dortmund, RB Leipzig Marco Rose
85%
2001- AS Monaco, Juventus Turin, Olympique Marseille, Frankreich Didier Deschamps
81%
1993-2020 FC Echallens, Yverdon-Sport FC, Servette FC, FC Zürich, Hertha BSC, Borussia Mönchengladbach, OGC Nizza, Borussia Dortmund Lucien Favre
76%
1983- FC Viktoria Backnang, VfB Stuttgart Amateure, TSV Lippoldsweiler, SC Korb, SSV Reutlingen 05, SSV Ulm 1846, VfB Stuttgart, Hannover 96, FC Schalke 04, TSG 1899 Hoffenheim, FC Schalke 04, RB Leipzig, RB Leipzig, Manchester United, Österreich Ralf Rangnick
73%
1993-2020 Roda Kerkrade, FC Schalke 04, Hertha BSC, 1. FC Köln, Roda Kerkrade, Hamburger SV, PSV Eindhoven, FC Red Bull Salzburg, FC Schalke 04, PAOK Saloniki, VfB Stuttgart, VfB Stuttgart, TSG 1899 Hoffenheim, FC Schalke 04, FC Schalke 04 Huub Stevens
70%
1995-2021 Werder Bremen Amateure, Werder Bremen, Eintracht Frankfurt, Hannover 96, Werder Bremen Thomas Schaaf
69%
1989- VfR Neuss, Uerdingen 05, MSV Duisburg, Hansa Rostock, 1. FC Köln, Eintracht Frankfurt, Hertha BSC, VfL Bochum, Alemannia Aachen, TSV 1860 München, Fortuna Düsseldorf, 1. FC Köln, 1. FC Kaiserslautern Friedhelm Funkel
52%
1981-2017 1.FC Köln II, 1.FC Köln, VfB Stuttgart, Beşiktaş Istanbul, Bayer 04 Leverkusen, Beşiktaş Istanbul, FK Austria Wien, Fenerbahçe Istanbul, 1. FC Köln, Fenerbahçe Istanbul, Eintracht Frankfurt, FC Brügge, Bursaspor, Rumänien Christoph Daum
44%
1990-2014 Deutschland, Bayer 04 Leverkusen, Kuwait, Schottland, Nigeria, Aserbaidschan Berti Vogts
41%
1993-2022 Real Madrid Castilla, Real Valladolid, CA Osasuna, FC Extremadura, CD Teneriffa, FC Valencia, FC Liverpool, Inter Mailand, FC Chelsea, SSC Neapel, Real Madrid, Newcastle United, Dalian Yifang, FC Everton Rafael Benítez
40%
2001- AC Florenz, Lazio Rom, Inter Mailand, Manchester City, Galatasaray Istanbul, Inter Mailand, Zenit St. Petersburg, Italien, Saudi-Arabien Roberto Mancini
40%
1967-2000 Rot-Weiss Essen, Eintracht Frankfurt, 1.FC Kaiserslautern, Borussia Dortmund, Bayer 04 Leverkusen, FC Bayern München, Bayer 04 Leverkusen, Deutschland Erich Ribbeck
33%
1947-1983 VfB Lechenich/VfR Flamersheim, 1. FC Köln, Rheydter SV, 1.FC Köln, Viktoria Köln, Borussia Mönchengladbach, FC Barcelona, 1. FC Köln, New York Cosmos, Grasshopper Club Zürich Hennes Weisweiler
33%
2009-2021 Académica Coimbra, FC Porto, FC Chelsea, Tottenham Hotspur, Zenit St. Petersburg, Shanghai SIPG, Olympique Marseille André Villas-Boas
23%
1965-1984 Dinamo Zagreb, FC Bayern München, VfB Stuttgart, Hajduk Split, Eintracht Braunschweig, Hamburger SV, Borussia Dortmund, Eintracht Frankfurt, Dinamo Zagreb Branko Zebec
19%
1977-2019 Degerfors IF, IFK Göteborg, Benfica Lissabon, AS Rom, AC Florenz, Benfica Lissabon, Sampdoria Genua, Lazio Rom, England, Manchester City, Mexiko, Elfenbeinküste, Leicester City, BEC-Tero Sasana, Guangzhou R&F, Shanghai SIPG, FC Shenzhen, Philippinen Sven-Göran Eriksson
19%
1954-1982 HBS Craeyenhout, Niederlande, SK Rapid Wien, Borussia Dortmund, TSV 1860 München, 1. FC Nürnberg, FC Sevilla, Atlético Madrid, TSV 1860 München, FC Schalke 04, FC Augsburg, Karlsruher SC Max Merkel
14%
1967-2002 Botafogo FR, Brasilien, Brasilien, Flamengo Rio de Janeiro, Botafogo FR, Kuwait, Botafogo FR, Al-Hilal, CR Vasco da Gama, Saudi-Arabien, Flamengo Rio de Janeiro, Botafogo FR, Bangu AC, Vereinigte Arabische Emirate, CR Vasco da Gama, Brasilien, Portuguesa, Flamengo Rio de Janeiro, Brasilien Mário Zagallo
8%
1965-1993 Hartlepool United, Derby County, Brighton & Hove Albion, Leeds United, Nottingham Forest Brian Clough
5%
Keine übereinstimmenden Quizze gefunden
Verteilung der Resultate
Anzahl Personen mit jedem Resultat
Perzentil nach korrekt beantworteten Fragen
Ihre Resultats-Entwicklung
Sie haben dieses Quiz noch nicht gespielt